| 000 | 00330nam a2200121Ia 4500 | ||
|---|---|---|---|
| 005 | 20251222144816.0 | ||
| 008 | 251222s9999||||xx |||||||||||||| ||spa|| | ||
| 082 | _a278.385/H41P | ||
| 100 | _aHeras, Julión | ||
| 245 | 0 | _aProvincia Misionera de San Francisco Solano del Perú: | |
| 264 | _bConvento de los Descalzos | ||
| 942 | _cLIB | ||
| 999 |
_c20293 _d20293 |
||